AI maps to country - Statistics

General Stats
  • This quiz has been taken 63 times
  • The average score is 11 of 16
Answer Stats
Picture Answer % Correct
Iran
98%
Brazil
95%
Indonesia
95%
Norway
95%
United Kingdom
93%
Cuba
91%
United States
90%
Turkey
88%
China
86%
South Africa
79%
Poland
66%
Chile
47%
Botswana
34%
Madagascar
10%
Tuvalu
7%
Chad
3%
No matching quizzes found
Score Distribution
Percent of People with Each Score
Percentile by Number Answered
Your Score History
You have not taken this quiz